|
|
|
|
| LEADER |
00000nab a2200000 a 4500 |
| 001 |
vtls009328773 |
| 003 |
SK-MaSNL |
| 005 |
20260305040106.0 |
| 008 |
080902c2008 xo mr p 000 a0slo |
| 015 |
|
|
|a SNBRB2008/09
|
| 038 |
|
|
|a SVKPOCL
|
| 040 |
|
|
|a SVKPOCL
|b slo
|c SVKPOCL
|e AACR2
|
| 041 |
0 |
|
|a slo
|
| 044 |
|
|
|a xo
|c SK
|
| 080 |
|
|
|a 271.2-7
|2 2001
|
| 080 |
|
|
|a 2-726.3
|2 2001
|
| 080 |
|
|
|a 929 Želizňák, Andrej
|2 2001
|
| 245 |
0 |
0 |
|a Životné jubileum
|b blahoželanie
|
| 300 |
|
|
|b Fotogr.
|
| 600 |
1 |
7 |
|a Želizňák, Andrej,
|d 1938-
|x výročie narodenia 70.
|2 svkpocl
|9 1619440
|
| 610 |
2 |
7 |
|a Pravoslávna cirkevná obec (Veľkrop a Oľšavka, Slovensko)
|2 svkpocl
|9 1619441
|
| 650 |
0 |
7 |
|a pravoslávne cirkvi
|2 svkpocl
|9 84045
|
| 650 |
0 |
7 |
|a pravoslávni kňazi
|2 svkpocl
|9 106371
|
| 650 |
0 |
7 |
|a náboženstvo
|2 svkpocl
|9 2023
|
| 650 |
0 |
7 |
|a rodisko
|2 SNKPH
|9 172657
|
| 651 |
|
7 |
|a Veľkrop (Slovensko)
|2 svkpocl
|9 59678
|
| 651 |
|
7 |
|a Oľšavka (Stropkov, Slovensko)
|2 svkpocl
|9 159781
|
| 651 |
|
7 |
|a Bodružal (Slovensko)
|2 snkbucl
|9 51676
|
| 651 |
|
7 |
|a Stropkov (Slovensko : okres)
|2 svkpocl
|9 23137
|
| 651 |
|
7 |
|a Svidník (Slovensko : okres)
|2 svkpocl
|9 28651
|
| 655 |
|
7 |
|a biografie
|2 svkpocl
|9 27965
|
| 773 |
0 |
|
|t Odkaz sv. Cyrila a Metoda = Zapovit sv. Kyryla i Mefodija
|g Roč. LIV, č. 7 (2008), s. 41
|x 0139-9012
|
| 852 |
|
|
|a SVKPO
|b KIS3GCP
|
| 958 |
|
|
|a UK
|
| 958 |
|
|
|a NT
|
| 958 |
|
|
|a SK
|
| 958 |
|
|
|a RN
|
| 958 |
|
|
|a BX
|
| 999 |
|
|
|c 3336626
|d 3338556
|